00781cam a2200217 a 4500020003000000020001500030020002200045020002500067082001200092100001900104245005300123250001200176260006100188300004900249500002000298650002300318650001800341856006800359856006800427856006800495 a9780495391449 (hardcover) a0495391441 a0495391476 (pbk.) a9780495391470 (pbk.)04a547 MCM1 aMcMurry, John.10aOrganic chemistry with biological applications / a2nd ed. aBelmont, Calif. :bBrooks/Cole Cengage Learning,cc2011. axxiii, 1044, 53, 30 p. :bill. (some col.) ; aIncludes index. 0aChemistry, Organic 0aBiochemistry.42uhttp://www.loc.gov/catdir/enhancements/fy1104/2009928764-b.html42uhttp://www.loc.gov/catdir/enhancements/fy1104/2009928764-d.html41uhttp://www.loc.gov/catdir/enhancements/fy1104/2009928764-t.html